000 00216nam a22000857a 4500
001 1235165
005 20250930105631.0
245 _aLİDERLER VE DİĞERLERİ
_cBRIGITTE LABBE
260 _bGÜNIŞIĞI KİTAPLIĞI YAYINLARI
999 _c1235165
_d1235165